Die Estländische Bauer-Verordnung vom 5. Juli 1856

Titel: Die Estländische Bauer-Verordnung vom 5. Juli 1856 : und die die Bauer-Verordnung abändernden und ergänzenden Gesetze und Verordnungen / hrsg. von Eduard von Bodisco
Beteiligt:
Veröffentlicht: Reval : Kluge & Ströhm, 1904
Umfang: XXXII, 771 S.
Format: Buch
Sprache: Deutsch
Kein Bild verfügbar
X
Lokale Klassifikation: 47 12 F ; 47 13 L
alg: 22554072
001A    $03004:23-07-10 
001B    $01999:03-06-23 $t05:01:46.000 
001D    $03004:23-07-10 
001U    $0utf8 
001X    $00 
002@    $0Aar 
003@    $022554072X 
003O    $0163643794 $aOCoLC 
007A    $0303790725 $aGBV 
007T    $0Herdhh22554072X 
010@    $ager 
011@    $a1904 
021A    $aDie @Estländische Bauer-Verordnung vom 5. Juli 1856 $dund die die Bauer-Verordnung abändernden und ergänzenden Gesetze und Verordnungen $hhrsg. von Eduard von Bodisco 
028C    $7 $8Bodisco, Eduard$cvon [Tnu] $9225540681 
033A    $pReval $nKluge & Ströhm 
034D    $aXXXII, 771 S. 
045F    $a340.09 $eDDC23BSB 
045F/01 $a340.09 
045F/03 $f0903 
045F/03 $f09041 
045F/03 $g4798 
045G    $a306.094798 $eDDC23BSB 
045G/01 $a306.09 
045G/03 $g4798 
045H    $a351.09 $eDDC23BSB 
045H/01 $a351.09 
045H/03 $g4798 
046L    $aIn Fraktur 

lok: 22554072 24
101B    $023-07-10 $t17:09:49.000 
101C    $023-07-10 
101U    $0utf8 
145Z/01 $a47 12 F 
145Z/02 $a47 13 L 

exp: 22554072 24 1 #EPN
201B/01 $023-07-10 $t17:09:49.000 
201C/01 $023-07-10 
201U/01 $0utf8 
203@/01 $0596584466 
208@/01 $a23-07-10 $br 
209A/01 $a47 XII F 9 $du $f050 $h47 12 F 9 $x00 
209C/01 $aK 76.2439 $h76 2439 K 
209G/01 $a72607287 $x00 
220C/01 $aurb 
247C/01 $8358050-7 Marburg, Bibliothek des Herder-Instituts Marburg $9102600961 

lok: 22554072 78

exp: 22554072 78 1 #EPN
201B/01 $019-04-17 $t21:51:58.000 
201U/01 $0utf8 
203@/01 $0794545106 
208@/01 $a12-11-16 $be 
209A/01 $a/ $f000 $x00 
220C/01 $aAnmerkung: *ng 
237A/01 $aIn Fraktur. - weiterführende Signatur(en): Herder-Institut: 47 XII F 9 
244Z/01 $2Trx $#Estija $#Igaunija $#Estland $#Estonia $#Estonia $#Estónsko $#Estonsko $8--Trx--Eesti $x01 $9391237225 
244Z/01 $2Trx $#dzieło zbiorowe $8--Trx--Sammelwerk $x02 $9391384597 
245Z/01 $a07.01 $x01 
247C/01 $82080>Marburg/Lahn, Herder-Institut, Forschungsbibliothek, Bibliographieportal $9336309341
LEADER 00000cam a22000002c 4500
001 22554072X
003 DE-603
005 20230603050146.0
007 tu
008 100723s1904 xx |||| | u00||u|ger c
035 |a (DE-599)GBV303790725 
035 |a (OCoLC)163643794 
040 |a DE-603  |b ger  |c DE-603  |d DE-603 
041 |a ger 
082 0 4 |8 1\u  |a 340.09  |q DE-101  |2 23/BSB 
083 0 |8 2\u  |a 306.094798  |q DE-101  |2 23/BSB 
083 0 |8 3\u  |a 351.09  |q DE-101  |2 23/BSB 
085 |8 1\u  |b 340.09 
085 |8 1\u  |z 1  |s 0903 
085 |8 1\u  |z 1  |s 09041 
085 |8 1\u  |z 2  |s 4798 
085 |8 2\u  |b 306.09 
085 |8 2\u  |z 2  |s 4798 
085 |8 3\u  |b 351.09 
085 |8 3\u  |z 2  |s 4798 
245 0 0 |a ˜Dieœ Estländische Bauer-Verordnung vom 5. Juli 1856  |b und die die Bauer-Verordnung abändernden und ergänzenden Gesetze und Verordnungen  |c hrsg. von Eduard von Bodisco 
264 1 |a Reval  |b Kluge & Ströhm  |c 1904 
300 |a XXXII, 771 S. 
546 |a In Fraktur 
700 1 |a Bodisco, Eduard von  |0 (DE-603)225540681 
924 0 |9 Mb 50  |a (DE-603)596584466  |b DE-Mb50  |c HES  |d c  |g 47 XII F 9 
924 0 |9 2080  |a (DE-603)794545106  |b DE-2080  |c HES  |d d  |g /